Statistics for Countries by a Single Clue #10

Click here to take the quiz!

General Stats

  • This quiz has been taken 12,314 times
  • The average score is 14 of 20

Answer Stats

Clue Country % Correct
African country that is closest to EuropeMorocco
94%
Is led by the PopeVatican City
92%
Major languages include Zulu, Xhosa, and AfrikaansSouth Africa
92%
Where flamenco dancing got its startSpain
91%
Only country that starts with OOman
88%
Largest country that is entirely in EuropeUkraine
78%
Explorers from this country were the first to sail around AfricaPortugal
78%
Where Pablo Escobar livedColombia
77%
The largest country that borders the Caribbean SeaMexico
75%
Country once led by Colonel GaddafiLibya
75%
The Khmer Rouge killed over 10% of the population in the late 1970sCambodia
73%
Created from the merger of Tanganyika and ZanzibarTanzania
71%
Invaded by the USSR in 1979Afghanistan
68%
Largest oil exporter in EuropeNorway
66%
Site of a failed coup in 2016. (But some suspect the coup was staged).Turkey
54%
This Asian tiger is known as the Lion CitySingapore
50%
Formerly led by Idi AminUganda
50%
Major cities include Qom, Shiraz, and IsfahanIran
47%
This country has a GDP per capita that is 20 times greater than its only neighborSouth Korea
45%
Has the lowest murder rate of all countries with a population over 10 millionJapan
34%

Score Distribution

Percentile by Number Answered

Percent of People with Each Score

Your Score History

You have not taken this quiz